000
00215 a2200097 4500
001
14092
100
_a
Chambers W.R
245
_a
What is the evidence
260
_a
London
_b
W & R Chambers
_c
090
_c
11037
_d
11037
942
_a
NUST-CAE
_c
1156
_c
M
999
_c
249165
_d
249165